| 000 | 00536 a2200133 4500 | ||
|---|---|---|---|
| 082 | _aBICSE-6 | ||
| 100 |
_aSohaib-ul-Hassan Mughal _992994 |
||
| 245 |
_aDesign and analysis of bandstop filter using coupled resonators _cSohaib-ul-Hassan Mughal |
||
| 260 |
_aIslamabad _bNUST School of Electrical Engineering and Computer Science _c2012 |
||
| 300 |
_a21p. _b:ill. _c:27cm.+ _eCD-ROM |
||
| 500 | _aSupervisors; Mr. Ahsan Azhar, Mr. Yasir Iqbal | ||
| 856 | _uhttp://10.250.8.41:8080/xmlui/handle/123456789/28749 | ||
| 942 |
_cPR _kBICSE-6 SOH _2ddc |
||
| 999 |
_c11251 _d11251 |
||